| 000 | 01900nam a2200409 a 4500 | ||
|---|---|---|---|
| 001 | ebr10486823 | ||
| 003 | CaPaEBR | ||
| 006 | m u | ||
| 007 | cr cn||||||||| | ||
| 008 | 100128s2010 dcu s 001 0 eng d | ||
| 010 | _z 2010001863 | ||
| 020 | _z0875531962 | ||
| 020 | _z9780875531960 | ||
| 020 | _z9780875532530 (e-book) | ||
| 040 |
_aCaPaEBR _cCaPaEBR |
||
| 035 | _a(OCoLC)754713871 | ||
| 043 | _an-us--- | ||
| 050 | 1 | 4 |
_aHN90.V5 _bG44 2010eb |
| 082 | 0 | 4 |
_a303.6 _222 |
| 100 | 1 |
_aGellert, George A., _d1958- |
|
| 245 | 1 | 0 |
_aConfronting violence _h[electronic resource] : _banswering questions about the epidemic destroying america's homes and communities / _cGeorge A. Gellert ; forewords by Kathleen Kennedy Townsend, Frank Keating. |
| 250 | _a3rd ed. | ||
| 260 |
_aWashington, D.C. : _bAmerican Public Health Association Press, _cc2010. |
||
| 300 | _axxx, 439 p. | ||
| 500 | _aIncludes index. | ||
| 505 | 0 | _aDeterminants of violence : is America more violent than other societies? -- Physical and emotional abuse of children -- Sexual abuse of children -- Youth and school violence -- Bullying : not just kids' stuff -- Spouse abuse, domestic, and intimate partner violence -- Rape and sexual assault of adults. | |
| 533 |
_aElectronic reproduction. _bPalo Alto, Calif. : _cebrary, _d2013. _nAvailable via World Wide Web. _nAccess may be limited to ebrary affiliated libraries. |
||
| 650 | 0 |
_aViolence _zUnited States. |
|
| 650 | 0 |
_aViolence _zUnited States _xPrevention. |
|
| 650 | 0 |
_aViolent crimes _zUnited States. |
|
| 650 | 0 |
_aViolent crimes _zUnited States _xPrevention. |
|
| 655 | 7 |
_aElectronic books. _2local |
|
| 700 | 1 |
_aTownsend, Kathleen Kennedy, _d1951- |
|
| 700 | 1 | _aKeating, Frank. | |
| 710 | 2 | _aebrary, Inc. | |
| 856 | 4 | 0 |
_uhttp://site.ebrary.com/lib/rucke/Doc?id=10486823 _zAn electronic book accessible through the World Wide Web; click to view |
| 999 |
_c125340 _d125340 |
||